| 000 | 01083nam a2200289 a 4500 | ||
|---|---|---|---|
| 005 | 20191224041559.0 | ||
| 008 | 140226b1998 ck a gr|||| 00| 0 spa d | ||
| 040 |
_aCO-BoIAVH _cCO-BoIAVH |
||
| 041 | _aspa | ||
| 044 | _ack | ||
| 082 | 0 | 4 |
_a634.028 _bM55f |
| 100 | 1 | _aMercado de Duque, Martha | |
| 245 | 1 |
_aFrutos de la investigación CORPOICA cinco años _bcompendio de productos y procesos de investigación y desarrollo tecnológico _cCorporación Colombiana de Investigación Agropecuaria |
|
| 260 |
_aBogotá _bCORPOICA _c1998 |
||
| 300 |
_a176 paginas. _bilustraciones.; _c28 x 21 cm |
||
| 650 | 4 | _aInvestigación científica | |
| 650 | 4 | _aTransferencia de tecnología | |
| 650 | 4 | _aDesarrollo tecnológico | |
| 650 | 4 | _aSistemas de producción agropecuarios | |
| 650 | 4 | _aDesarrollo institucional | |
| 650 | 4 | _aCORPOICA | |
| 662 | _aColombia | ||
| 700 | 1 | _aUribe Calad, Alvaro Francisco | |
| 700 | 1 | _aRamírez González, Nidia | |
| 700 | 1 | _aRodríguez Quijano, Pedro A. | |
| 942 |
_cLIBRO _2ddc |
||
| 999 |
_c1309 _d1309 |
||